[Event "Pohár města Říčany 2018"]
[Site "Městské kulturní středisko U labutě"]
[Date "2018.08.27"]
[Round "4.16"]
[White "Pycha, Patrik"]
[Black "Lhotsky, Zdenek"]
[Result "1/2-1/2"]
[WhiteElo "2049"]
[BlackElo "1923"]
[PlyCount "0"]
[EventDate "2018.08.25"]

1. e4 c5 2. Nf3 d6 3. d4 cxd4 4. Nxd4 Nf6 5. Nc3 a6 6. h4 e5 7. Nb3 Be7 8. Bg5
Nbd7 9. a4 Qc7 10. Qd2 b6 11. O-O-O Bb7 12. f3 Rc8 13. Kb1 1/2-1/2

[Event "Pohár města Říčany 2018"]
[Site "Městské kulturní středisko U labutě"]
[Date "2018.08.27"]
[Round "4.17"]
[White "Zizka, Petr"]
[Black "Lhotsky, Frantisek"]
[Result "1/2-1/2"]
[WhiteElo "2028"]
[BlackElo "1737"]
[PlyCount "0"]
[EventDate "2018.08.25"]

1. b3 e5 2. Bb2 Nc6 3. e3 d5 4. Bb5 Bd6 5. f4 f6 6. Bxc6+ bxc6 7. fxe5 fxe5
8. Nf3 Qe7 9. Nxe5 Qh4+ 10. g3 Qf6 11. Rf1 Qg5 12. Qf3 Bxe5 13. Qf8+ Kd7 14. Rf5
Bxg3+ 15. hxg3 Qxg3+ 16. Rf2 Qg1+ 17. Rf1 Qg3+ 1/2-1/2

[Event "Pohár města Říčany 2018"]
[Site "Městské kulturní středisko U labutě"]
[Date "2018.08.27"]
[Round "4.18"]
[White "Vavrinec, Tomas"]
[Black "Kyselka, Daniel"]
[Result "1-0"]
[WhiteElo "1986"]
[BlackElo "1760"]
[PlyCount "0"]
[EventDate "2018.08.25"]

1. c4 e5 2. Nc3 c5 3. Nf3 Nc6 4. g3 g6 5. d3 Bg7 6. Bg2 Nge7 7. Bg5 f6 8. Bd2
O-O 9. O-O d6 10. a3 a5 11. Rb1 Be6 12. Ne1 d5 13. cxd5 Nxd5 14. Nc2 Nxc3
15. bxc3 Qd7 16. c4 Rfb8 17. Ne3 Ne7 18. Rb5 Bf8 19. Qb1 Ra7 20. Bxa5 f5 21. Bb6
Ra6 22. Bxc5 f4 23. Bxe7 fxe3 24. Bxf8 Rxf8 25. fxe3 Rxf1+ 26. Qxf1 Rxa3
27. Rxb7 Qd8 28. Bd5 Bxd5 29. cxd5 1-0

[Event "Pohár města Říčany 2018"]
[Site "Městské kulturní středisko U labutě"]
[Date "2018.08.27"]
[Round "4.19"]
[White "Salac, Jiri"]
[Black "Dubnicka, Augustin"]
[Result "1/2-1/2"]
[WhiteElo "1958"]
[BlackElo "1718"]
[PlyCount "0"]
[EventDate "2018.08.25"]

1. d4 d5 2. Bf4 c6 3. c3 Bf5 4. Nd2 Nf6 5. e3 e6 6. Ngf3 Bd6 7. Ne5 Qc7 8. Bg3
Nbd7 9. f4 Ne4 10. Nxe4 Bxe4 11. Qd2 Nf6 12. Bh4 a6 13. Be2 Be7 14. O-O Nd7
15. Bxe7 Nxe5 16. Bh4 Ng6 17. Bg3 f5 18. c4 Ne7 19. c5 O-O 20. b4 Rfb8 21. Rfc1
h6 22. a4 Qc8 23. Ra3 Ra7 24. Qb2 Rba8 25. Rca1 Kh7 26. R1a2 Qe8 27. Bh4 Ng6
28. Be1 Ne7 29. Qa1 g5 30. Qd1 g4 31. Bh4 h5 32. Bxe7 Qxe7 33. Qe1 Kg6 34. Qg3
Kf7 35. h4 Ke8 36. Qe1 Qd8 37. g3 Qc7 38. Qc3 Kd8 39. b5 axb5 40. axb5 Rxa3
41. Rxa3 Rb8 42. Ra7 Ke7 43. Qa3 Kf6 44. Qa4 Rc8 45. bxc6 Qxc6 46. Bb5 Qc7
47. Ba6 Qc6 48. Qxc6 Rxc6 49. Bxb7 Rc7 50. c6 Bd3 51. Ra8 Bb5 52. Rc8 Rxc8
53. Bxc8 Bxc6 54. Kf2 Ke7 55. Ke1 Bd7 56. Ba6 Kd6 57. Kd2 Kc7 58. Kc3 Kb6
59. Bd3 Ka5 1/2-1/2

[Event "Pohár města Říčany 2018"]
[Site "Městské kulturní středisko U labutě"]
[Date "2018.08.27"]
[Round "4.20"]
[White "Hadrava, Jaroslav"]
[Black "Rerabek, Jaroslav"]
[Result "1-0"]
[WhiteElo "1913"]
[BlackElo "1684"]
[PlyCount "0"]
[EventDate "2018.08.25"]

1. e4 e6 2. d4 d5 3. Nc3 Bb4 4. e5 c5 5. a3 Bxc3+ 6. bxc3 Nc6 7. Nf3 cxd4
8. cxd4 Nge7 9. Bd3 Nf5 10. O-O Ncxd4 11. Nxd4 Nxd4 12. Qg4 Nf5 13. Bxf5 exf5
14. Qxg7 Kd7 15. Qxf7+ Qe7 16. Qxd5+ Ke8 17. Rd1 Be6 18. Qd6 Rd8 19. Qxe7+ Kxe7
20. Bg5+ 1-0

[Event "Pohár města Říčany 2018"]
[Site "Městské kulturní středisko U labutě"]
[Date "2018.08.27"]
[Round "4.21"]
[White "Otruba, Marek"]
[Black "Stork, Rostislav"]
[Result "1-0"]
[WhiteElo "2005"]
[BlackElo "1779"]
[PlyCount "0"]
[EventDate "2018.08.25"]

1. d4 d5 2. c4 e5 3. dxe5 d4 4. Nf3 Nc6 5. a3 a5 6. e3 Bc5 7. exd4 Nxd4 8. Be3
Bg4 9. Be2 Nxf3+ 10. gxf3 Bxe3 11. Qxd8+ Rxd8 12. fxe3 Bh3 13. Rg1 g6 14. Nc3 c6
15. Ne4 Ke7 16. Nd6 Rd7 17. c5 h5 18. Nc4 Nh6 19. e4 a4 20. Kf2 Rhd8 21. Rad1
Be6 22. Nb6 Rxd1 23. Rxd1 Bb3 24. Rxd8 Kxd8 25. Ke3 g5 26. h3 Ke7 27. Kd4 Be6
28. Bf1 g4 29. fxg4 hxg4 30. hxg4 Nxg4 31. Bh3 f5 32. exf6+ Kxf6 33. Nxa4 Kg5
34. Bxg4 Bxg4 35. Ke5 Be2 36. Kd6 Kg6 37. Nc3 Bc4 38. b4 1-0

[Event "Pohár města Říčany 2018"]
[Site "Městské kulturní středisko U labutě"]
[Date "2018.08.27"]
[Round "4.22"]
[White "Pavlicek, Petr"]
[Black "Havel, Jan"]
[Result "1-0"]
[WhiteElo "1891"]
[BlackElo "1710"]
[PlyCount "0"]
[EventDate "2018.08.25"]

1. e4 c5 2. Nf3 d6 3. d4 cxd4 4. Nxd4 Nf6 5. Nc3 e6 6. g3 Be7 7. Bg2 O-O 8. O-O
Nc6 9. Nxc6 bxc6 10. e5 dxe5 11. Bxc6 Rb8 12. Qe2 Bd6 13. Rd1 Qc7 14. Bg2 Nd7
15. Nb5 Rxb5 16. Qxb5 Nc5 17. Qc6 Qxc6 18. Bxc6 Rd8 19. Be3 Na6 20. c3 Nb8
21. Ba4 Bb7 22. Bc5 Bd5 23. Bxd6 Rxd6 24. c4 Ra6 25. b3 Nc6 26. cxd5 Nd4
27. dxe6 Rxe6 28. f4 f6 29. Kf2 g6 30. Rac1 1-0

[Event "Pohár města Říčany 2018"]
[Site "Městské kulturní středisko U labutě"]
[Date "2018.08.27"]
[Round "4.23"]
[White "Havelka, Petr"]
[Black "Cabart, Pavel"]
[Result "1/2-1/2"]
[WhiteElo "1847"]
[BlackElo "1750"]
[PlyCount "0"]
[EventDate "2018.08.25"]

1. d4 Nf6 2. c4 e5 3. dxe5 Ng4 4. Nf3 Bc5 5. e3 Nc6 6. a3 a5 7. Be2 O-O 8. O-O
Re8 9. b3 Ngxe5 10. Bb2 Nxf3+ 11. Bxf3 Ne5 12. Nc3 Ra6 13. Nd5 Rh6 14. g3 c6
15. Nf4 Nxf3+ 16. Qxf3 d6 17. Nd3 Qg5 18. Nxc5 dxc5 19. Qf4 Qh5 20. h4 f6
21. Kg2 g5 22. Qc7 gxh4 23. Rh1 h3+ 24. Kf1 Qf3 25. Rh2 Bg4 26. Qf4 Qe2+ 27. Kg1
Qxb2 28. Qxg4+ Rg6 29. Qd1 Rh6 30. Rb1 Qe5 31. Rxh3 Rxh3 32. Qg4+ Kh8 33. Qxh3
Rd8 34. Qg4 Rg8 35. Qf3 Rd8 1/2-1/2

[Event "Pohár města Říčany 2018"]
[Site "Městské kulturní středisko U labutě"]
[Date "2018.08.27"]
[Round "4.24"]
[White "Barton, Milan"]
[Black "Vilimova, Julie"]
[Result "1/2-1/2"]
[WhiteElo "1790"]
[BlackElo "1836"]
[PlyCount "0"]
[EventDate "2018.08.25"]

1. e4 c5 2. Nf3 Nc6 3. d4 cxd4 4. Nxd4 g6 5. Be3 Bg7 6. Nc3 d6 7. Be2 Nf6
8. O-O O-O 9. Nb3 a6 10. f3 b5 11. a3 Bb7 12. Rb1 Rc8 13. Qd2 Ne5 14. Bf2 d5
15. Nc5 Qc7 16. exd5 Rfd8 17. Nxb7 Qxb7 18. Rfd1 e6 19. d6 Bf8 20. Qg5 Ned7
21. Bd3 Ne8 22. Ne4 f5 23. Nc5 Nxc5 24. Bxc5 Nxd6 25. b4 Nf7 26. Qf6 Bxc5+
27. bxc5 Qc6 28. Kf1 e5 29. Qxc6 Rxc6 30. c4 Rxc5 31. cxb5 axb5 32. Ke2 Rdd5
33. Rdc1 Nd6 34. Rxc5 Rxc5 35. Rb4 Kf7 36. a4 bxa4 37. Rxa4 Nb5 38. Bxb5 1/2-1/2

[Event "Pohár města Říčany 2018"]
[Site "Městské kulturní středisko U labutě"]
[Date "2018.08.27"]
[Round "4.25"]
[White "Matys, Jakub"]
[Black "Otrubova, Kristyna"]
[Result "1/2-1/2"]
[WhiteElo "1830"]
[BlackElo "1651"]
[PlyCount "0"]
[EventDate "2018.08.25"]

1. d4 Nf6 2. Nf3 g6 3. g3 Bg7 4. Bg2 O-O 5. c4 d6 6. Nc3 Nc6 7. O-O e5 8. e4
Bg4 9. d5 Nd4 10. Be3 Nxf3+ 11. Bxf3 Bxf3 12. Qxf3 Nd7 13. Qe2 f5 14. f4 exf4
15. Bxf4 Re8 16. Qc2 fxe4 17. Rae1 Nc5 18. Nxe4 Nxe4 19. Rxe4 Rxe4 20. Qxe4 Qe8
21. Qc2 Qe7 22. Qf2 Qe4 23. Be3 Rf8 24. Qe2 Rxf1+ 25. Kxf1 Qb1+ 26. Kg2 Qxb2
27. Qxb2 Bxb2 28. Bxa7 Bf6 29. Be3 1/2-1/2

[Event "Pohár města Říčany 2018"]
[Site "Městské kulturní středisko U labutě"]
[Date "2018.08.27"]
[Round "4.27"]
[White "Jirousek, Tadeas"]
[Black "Kovar, Jan"]
[Result "1/2-1/2"]
[WhiteElo "1737"]
[BlackElo "1810"]
[PlyCount "0"]
[EventDate "2018.08.25"]

1. e4 e6 2. d4 d5 3. e5 c5 4. c3 Nc6 5. Nf3 Bd7 6. a3 c4 7. g3 Na5 8. Nbd2 Bc6
9. Bg2 Qd7 10. O-O Ba4 11. Qe2 Bc2 12. Ne1 Bg6 13. f4 O-O-O 14. Bh3 h5 15. Rf3
Nh6 16. Ng2 Bd3 17. Qe1 g6 18. Ne3 Kb8 19. Bf1 Bxf1 20. Qxf1 Be7 21. Qd1 Nf5
22. Rb1 Rc8 23. Ndf1 Nb3 24. Bd2 Rcg8 25. Be1 a5 26. Nd2 1/2-1/2

[Event "Pohár města Říčany 2018"]
[Site "Městské kulturní středisko U labutě"]
[Date "2018.08.27"]
[Round "4.28"]
[White "Elias, Jakub"]
[Black "Vit, Zdenek"]
[Result "1-0"]
[WhiteElo "1794"]
[BlackElo "1692"]
[PlyCount "0"]
[EventDate "2018.08.25"]

1. e4 e5 2. Nf3 Nc6 3. Bb5 a6 4. Ba4 Nf6 5. O-O Nxe4 6. Re1 Nc5 7. Bxc6 dxc6
8. Nxe5 Be7 9. d4 Ne6 10. Be3 O-O 11. c4 Bf6 12. Nf3 Ng5 13. Nxg5 Bxg5 14. Nc3
Be6 15. Qd3 Be7 16. Rad1 Qd7 17. Bf4 Bd6 18. Bxd6 cxd6 19. d5 Bf5 20. dxc6 Bxd3
21. cxd7 Bxc4 22. Rxd6 Be6 23. Red1 Rfd8 24. a3 b5 25. Ne4 Ra7 26. Nc5 a5
27. Rc6 Kf8 28. Rxe6 fxe6 29. Nxe6+ Ke7 30. Nxd8 Kxd8 31. Kf1 Rc7 32. Ke2 1-0

[Event "Pohár města Říčany 2018"]
[Site "Městské kulturní středisko U labutě"]
[Date "2018.08.27"]
[Round "4.29"]
[White "Hejsek, Lukas"]
[Black "Dome, Michal"]
[Result "1-0"]
[WhiteElo "1704"]
[BlackElo "1755"]
[PlyCount "0"]
[EventDate "2018.08.25"]

1. d4 d5 2. Nf3 Nf6 3. g3 Bf5 4. Bg2 e6 5. O-O Be7 6. c4 c6 7. Qb3 Qb6 8. c5
Qxb3 9. axb3 Bxb1 10. Rxb1 Na6 11. Ra1 O-O 12. Ne5 Rfd8 13. Nxc6 Rd7 14. Ne5 Nb4
15. Nxd7 Nxd7 16. Bd2 Nc2 17. e3 Nxa1 18. Rxa1 a6 19. b4 Rc8 20. Bf1 Nb8 21. b5
axb5 22. Ra7 e5 23. Bxb5 Bf6 24. Rxb7 exd4 25. exd4 g5 26. Bc3 Kg7 27. Bd7 Rf8
28. c6 Nxd7 29. Rxd7 Rc8 30. c7 Kf8 31. Ba5 Ke8 32. Rxd5 h6 33. Rd8+ Rxd8
34. cxd8=Q+ Bxd8 35. Bxd8 Kxd8 36. b4 Ke7 37. Kg2 g4 38. f4 f5 39. Kf2 Ke6
40. Ke3 Kd5 41. Kd3 Kc6 42. Kc4 Kd6 43. d5 h5 44. Kd4 Ke7 45. Ke5 h4 46. b5 h3
47. d6+ Kf7 48. b6 Kg6 49. b7 1-0

[Event "Pohár města Říčany 2018"]
[Site "Městské kulturní středisko U labutě"]
[Date "2018.08.27"]
[Round "4.30"]
[White "Hampel, Rudolf"]
[Black "Hlavacek, Ondrej"]
[Result "1-0"]
[WhiteElo "1686"]
[BlackElo "1737"]
[PlyCount "0"]
[EventDate "2018.08.25"]

1. e4 c5 2. Nc3 e6 3. g3 Nc6 4. Bg2 d6 5. d3 g6 6. Nge2 Bg7 7. O-O Nge7 8. Be3
O-O 9. Qd2 Nd4 10. Rac1 Nec6 11. Bh6 Nxe2+ 12. Nxe2 Bxb2 13. Rb1 Bg7 14. Bxg7
Kxg7 15. f4 Qf6 16. c3 Rb8 17. d4 cxd4 18. cxd4 Qd8 19. Qc3 Kg8 20. g4 e5 21. d5
Nd4 22. Nxd4 exd4 23. Qxd4 Bxg4 24. Rb3 b6 25. f5 Qh4 26. Rg3 Bh5 27. f6 Be2
28. Rf2 Bb5 29. Qe3 Qh5 30. Bf3 Qe5 31. Kg2 Qxf6 32. Be2 Qe5 33. Bxb5 Rbc8
34. Bc6 f5 35. exf5 Rxf5 36. Rxf5 Qxf5 37. Rf3 Qg4+ 38. Kh1 Rb8 39. Qe6+ Qxe6
40. dxe6 1-0

[Event "Pohár města Říčany 2018"]
[Site "Městské kulturní středisko U labutě"]
[Date "2018.08.27"]
[Round "4.31"]
[White "Paldus, Jan"]
[Black "Konvalinka, Vladislav"]
[Result "1/2-1/2"]
[WhiteElo "1812"]
[BlackElo "1740"]
[PlyCount "0"]
[EventDate "2018.08.25"]

1. e4 e6 2. d4 d5 3. Nc3 Nf6 4. exd5 exd5 5. Bg5 Be7 6. Nf3 Bg4 7. Be2 Nbd7
8. h3 Bf5 9. Bd3 Bxd3 10. Qxd3 h6 11. Bh4 O-O 12. O-O c6 13. Rfe1 Re8 14. Re2
Bd6 15. Rxe8+ Qxe8 16. Re1 Qf8 17. Ne5 Re8 18. f4 Nb6 19. Qg3 Be7 20. Ng4 Nxg4
21. Qxg4 f5 22. Qe2 Bxh4 1/2-1/2

[Event "Pohár města Říčany 2018"]
[Site "Městské kulturní středisko U labutě"]
[Date "2018.08.27"]
[Round "4.32"]
[White "Horyna, Josef"]
[Black "Ruzicka, Vaclav"]
[Result "0-1"]
[WhiteElo "1783"]
[BlackElo "1642"]
[PlyCount "0"]
[EventDate "2018.08.25"]

1. c4 e5 2. Nc3 f5 3. d3 Nf6 4. Bg5 c6 5. e4 d6 6. Be2 Be7 7. Qb3 Qb6 8. Be3
Qxb3 9. axb3 fxe4 10. dxe4 a6 11. h3 O-O 12. Nf3 h6 13. Nh4 Kh7 14. Bd3 Be6
15. g4 Ng8 16. Nf5 Bxf5 17. exf5 Kh8 18. h4 Nd7 19. g5 Nc5 20. Bc2 b5 21. b4 Nd7
22. cxb5 axb5 23. Ke2 d5 24. Bc5 Nxc5 25. bxc5 Rxa1 26. Rxa1 hxg5 27. hxg5 Bxg5
28. Ra6 Ne7 29. Na2 e4 30. f3 Nxf5 31. fxe4 dxe4 32. Bxe4 Ng3+ 33. Kd3 Rd8+
34. Kc2 Nxe4 35. Rxc6 Rd2+ 36. Kb3 Rd4 37. Rc8+ Kh7 38. Nc3 Nxc3 39. bxc3 Rc4
40. c6 Bf4 41. Rf8 g5 42. Rf5 Rxc6 43. Rxb5 Kg6 44. c4 g4 45. Ra5 g3 46. Ra8 Kf5
0-1